000 01141nam a22002537a 4500
003 DO-SdBNP
005 20211123094821.0
007 ta
008 211118b2021 dr a|||| |||| 00| 0 spa d
020 _a978-9945-9170-3-1
040 _aDO-SdBNP
_bspa
_cBNPHU
100 1 _aMiguel, César
_979726
245 1 0 _aJosé Cestero. Homenaje a René Magritte :
_bel surrealista de la manzana verde y los sombreros de bombín /
_cCésar Miguel, Amable López Meléndez, Rolando Lecler ; fotografía Mariano Hernández, César Miguel.
260 _aSanto Domingo :
_bFundación para el Desarrollo del Arte, ArteDom.
_c2021.
300 _a48 p. :
_bil., fot. ;
_c31 cm.
505 0 _aBiografía de René Magritte --
_tIntroducción homenajeado al surrealismo César Migue --
_tJosé Cestero. homenaje a René Magritte /
_rAmable López Meléndez --
_tBiografía brebe de José Cestero.
590 _aInventariado, 2021 /LP
700 1 _aLópez Meléndez, Amable
_925471
700 1 _aLecler, Rolando
_980709
700 1 _aHernández, Mariano,
_efot.
_980710
700 1 _aMiguel, César,
_efot
_979726
910 _aLopérez
942 _2ddc
_cLBS1
999 _c50998
_d50998